[Event "Pan American-ch U18"]
[Site "Guayaquil"]
[Date "2019.07.24"]
[Round "6"]
[White "Salas Araya, Alfredo"]
[Black "Romero Dongo, Sebastian Alejandro"]
[Result "1/2-1/2"]
[WhiteElo "1856"]
[BlackElo "1826"]
[PlyCount "59"]
[EventDate "2019.07.21"]
[EventType "swiss"]
[EventRounds "9"]
[EventCountry "ECU"]
[SourceTitle "EXT 2020"]
[Source "ChessBase"]
[SourceDate "2019.10.17"]
[SourceVersion "1"]
[SourceVersionDate "2019.10.17"]
[SourceQuality "1"]

1. e4 d6 2. Nc3 g6 3. f4 Bg7 4. Nf3 Bg4 5. h3 Bxf3 6. Qxf3 c6 7. Bc4 Nd7 8. 0-0 b5 9. Bb3 Nc5 10. e5 Qb6 11. Kh1 Nxb3 12. axb3 dxe5 13. fxe5 Nh6 14. Ne2 0-0 15. d4 Nf5 16. c3 Bh6 17. g4 Bxc1 18. gxf5 Bh6 19. Qg4 Qd8 20. Qh4 Bg7 21. Nf4 Re8 22. e6 f6 23. Qg3 g5 24. Rg1 Kh8 25. h4 Bh6 26. hxg5 Bxg5 27. Rg2 Rg8 28. Rag1 Qd6 29. Nd3 Qd5 30. Kh2 1/2-1/2

[Event "Pan American-ch U18"]
[Site "Guayaquil"]
[Date "2019.07.21"]
[Round "1"]
[White "Vera Sanchez, Pavel Genaro"]
[Black "Salas Araya, Alfredo"]
[Result "0-1"]
[WhiteElo "2162"]
[BlackElo "1856"]
[PlyCount "59"]
[EventDate "2019.07.21"]
[EventType "swiss"]
[EventRounds "9"]
[EventCountry "ECU"]
[SourceTitle "EXT 2020"]
[Source "ChessBase"]
[SourceDate "2019.10.17"]
[SourceVersion "1"]
[SourceVersionDate "2019.10.17"]
[SourceQuality "1"]

1. d4 f5 2. Nc3 Nf6 3. Bg5 e6 4. e4 fxe4 5. Nxe4 Be7 6. Nxf6+ Bxf6 7. Bxf6 Qxf6 8. Nf3 0-0 9. Bd3 Nc6 10. 0-0 d6 11. c3 e5 12. Be4 exd4 13. cxd4 Kh8 14. Rc1 Bd7 15. d5 Nb8 16. Qb3 Na6 17. Qxb7 Nc5 18. Rxc5 dxc5 19. Qxc7 Bb5 20. Re1 Qxb2 21. Qxc5 Rfc8 22. Qe3 Rc3 23. Qf4 Re8 24. Qf5 g6 25. Qf6+ Kg8 26. Ng5 Rf8 27. Qe6+ Kh8 28. Qe5+ Kg8 29. Bf3 Rc1 30. Qe3 0-1

[Event "Pan American-ch U18"]
[Site "Santiago de Chile"]
[Date "2018.07.22"]
[Round "1"]
[White "Donoso Diaz, Sebastian"]
[Black "Salas Araya, Alfredo"]
[Result "0-1"]
[WhiteElo "2295"]
[BlackElo "1872"]
[PlyCount "58"]
[EventDate "2018.07.22"]
[EventType "swiss"]
[EventRounds "9"]
[EventCountry "CHI"]
[SourceTitle "EXT 2022"]
[Source "ChessBase"]
[SourceDate "2021.10.06"]
[SourceVersion "1"]
[SourceVersionDate "2021.10.06"]
[SourceQuality "1"]

1. d4 f5 2. c4 Nf6 3. Nf3 g6 4. g3 Bg7 5. b4 0-0 6. Bg2 d6 7. Bb2 Qe8 8. 0-0 Nbd7 9. c5 Ne4 10. Nfd2 Nxd2 11. Nxd2 dxc5 12. bxc5 c6 13. Qb3+ e6 14. Nc4 Qe7 15. Rab1 Nf6 16. Rfd1 Nd5 17. Nd6 b6 18. Ba3 Qc7 19. cxb6 axb6 20. Nc4 b5 21. Bxd5 exd5 22. Nb2 Re8 23. e3 Qa5 24. Rd3 f4 25. Ra1 fxe3 26. fxe3 Rxe3 27. Rxe3 Bxd4 28. Bd6 Qd2 29. Bf4 Bh3 0-1